[Event "chess24 Legends of Chess | Final 4"]
[Site "?"]
[Date "2020.08.02"]
[Round "6.5"]
[White "Nepomniachtchi, Ian"]
[Black "Giri, Anish"]
[Result "1-0"]
[WhiteElo "2778"]
[BlackElo "2731"]
[EventDate "2020.??.??"]
[Annotator "Bojkov,Dejan"]
[PlyCount "89"]
[Beauty "7354326205999"]
[EventType "simul"]
[EventRounds "2"]

1.e4 e5 2.Nf3 Nc6 3.d4 {Clever strategy. For the decisive blitz game, Nepomniachtchi chooses an opening that served him well all his life-the Scotch. When one knows all the subtleties in a positon, he can quickly orientate himself in the most complex situations.} 3...exd4 4.Nxd4 Nf6 5.Nxc6 bxc6 6.e5 Qe7 7.Qe2 Nd5 8.h4 a5 ( {Nepomniachtchi has good memories from the following game:} 8...Qe6 9.Nd2 a5 10.Nf3 Ba6 11.c4 Bb4+ 12.Bd2 Bxd2+ 13.Qxd2 Nb6 14.b3 c5 15.O-O-O Bb7 16.Bd3 h6 17.Qe3 Qe7 {Nepomniachtchi,I (2773)-Vidit, S (2722) Kolkata 2019} ) 9.c4 Ba6 {One of the ways to fight the Scotch. Black increases his development advantage but takes positional risks. His light pieces on the queenside might remain locked behind the solid white pawn chain.} 10.Nd2 ( {The players already discussed a different version of the line:} 10.g3 Nb6 11.Nd2 d5 12.exd6 Qxe2+ 13.Bxe2 cxd6 14.b3 Be7 15.Bb2 O-O 16.O-O d5 17.Rac1 Rfe8 18.Bf3 a4 19.Rfd1 axb3 20.axb3 Bb4 21.cxd5 cxd5 22.Bd4 {with the advantage for White, thanks for his outsite passer-- which the Russian player eventually converted, Nepomniachtchi,I (2732)-Giri,A (2771) Leuven 2017} ) 10...Nb6 11.h5 $5 $146 ( {The predecessor was a game of another famous Scotch affictionado, and also a blitz game:} 11.g3 a4 12.Bh3 f6 13.e6 d5 14.b3 Qd6 15.O-O Be7 16.Nf3 dxc4 17.Rd1 cxb3 18.Qe1 Qb4 19.Bd2 Qc4 20.axb3 axb3 21.Rab1 Qe2 22.Rxb3 Qxe1+ 23.Rxe1 Bc4 24.Rb2 Bd5 25.Nd4 {Morozevich,A (2711) -Ragger,M (2698) Berlin 2015} ) 11...Qe6 {Not the most convincing reply.} ( {Both:} 11...O-O-O $5 ) ( {And:} 11...a4 $5 {would be more promising for Black.} ) 12.h6 {This not only weakens Black's positon but also opens the road for the white rook.} 12...gxh6 ( {Or:} 12...O-O-O 13.b3 gxh6 14.Bb2 {which would transpose into the game.} ) ( 12...g6 {Will be met in the same way:} 13.b3 ) 13.b3 O-O-O 14.Bb2 Bg7 15.O-O-O Rhe8 ( {Black can definitely attack the central pawn with:} 15...d6 {But the strategical drawback of Black's position can be exposed with:} 16.g3 ( {Even:} 16.Qe3 Bxe5 17.Bxe5 dxe5 18.Ne4 {is interesting for White despite the two pawn deficit- just look at the poor black light pieces.} ) 16...dxe5 ( {Or:} 16...Bxe5 17.Bxe5 Qxe5 ( {A tad better is to keep the queens on the board with:} 17...dxe5 18.Rh5 f5 19.Bh3 Rhf8 20.Ne4 {although Black should still be in trouble.} ) 18.Qxe5 dxe5 {Now both:} 19.Rxh6 ( {Or:} 19.Re1 {lead to significant advantage for White as Black is practically playing two pieces down on the queenside.} ) ) 17.Bh3 f5 18.Nf3 {The black queeside is out of the game permanently.} ) 16.f4 f6 {That is a blunder, but what else?} ( {Giri needed to gain control over the e4 square, but:} 16...d5 {stumbles to the forcing line:} 17.cxd5 Bxe2 18.dxe6 Bxd1 19.exf7 Re7 20.Kxd1 Rxf7 ( {Or:} 20...Red7 21.Bc3 ) 21.g3 {and once again White is clearly better thanks to his perfect pawns and, for a change, limited Bg7.} ) 17.Ne4 $1 {With the unstoppable threat of a knight fork.} 17...fxe5 {The best chance under the circumstances.} ( {Or otherwise Black loses a key pawn:} 17...d6 18.exf6 Bh8 19.Re1 {and all the black pieces would be paralized.} ) 18.Nc5 Qf5 19.Nxa6 {Nepomniachtchi won a piece, but he faces difficulties trying to bring it out of the danger zone.} 19...exf4 ( {Nothing changes:} 19...Qxf4+ 20.Kb1 ) 20.Qd3 ( {More convincing would have been:} 20.Qd2 $1 Bxb2+ 21.Kxb2 d6 22.Rxh6 Kb7 23.Bd3 {As the knight cannot be captured easily:} 23...Qe5+ 24.Kb1 Kxa6 25.c5+ {and White wins.} ) 20...Bxb2+ 21.Kxb2 Qe5+ 22.Qc3 Kb7 ( {A more accurate way to pick up the horsie was:} 22...c5 $1 23.Rxh6 Kb7 24.Qxe5 Rxe5 25.Nxc5+ Rxc5 {Which would have transposed to the game after} 26.Rxh7 ( 26.Be2 $5 ) ) 23.Qxe5 Rxe5 24.Rxh6 {Both players follow a forcing line as there is no time to calculate.} ( {Actually, White could have saved the piece now with:} 24.b4 $1 Kxa6 25.c5+ Kb7 26.cxb6 axb4 27.bxc7 Kxc7 28.Rxh6 ) 24...c5 25.Nxc5+ Rxc5 26.Rxh7 {Giri got his piece back but his endgame position is difficult to defend. The white rooks are very active and the bishop is traditionally stronger than the knight in the open position.} 26...Rf8 {Obvious but not good enough.} ( {More resilient was:} 26...Rg5 27.Rf7 d5 ) ( {But even better was the extremely difficult idea of bringing the knight into the game with:} 26...d6 27.Be2 Nd7 $1 {when Black should have survived.} ) 27.Be2 d6 28.Bf3+ {Inertia...} ( 28.Rxd6 $1 {would have won at once.} ) 28...Kb8 29.Re1 Nc8 30.Re6 {This seems pretty bad for Black too. The white pieces are in the command.} 30...Rg5 31.Kc3 Rfg8 32.Rf7 Re5 33.Rh6 ( {Also good for White was:} 33.Rxe5 dxe5 34.c5 $1 {killing the knight.} ) 33...a4 ( {The most resilient:} 33...Ne7 34.Rhh7 Re8 35.Rxf4 {should not have saved Black either.} ) 34.Rhh7 {The rooks occupied the vital seveth rank, and the end is near.} 34...axb3 35.Rxc7 Re3+ 36.Kb2 Rxf3 37.gxf3 bxa2 38.Kxa2 Rg3 39.Rb7+ Ka8 40.Rb3 Rg2+ 41.Ka3 Rc2 42.Rb4 Rc3+ 43.Kb2 Rxf3 44.Rh8 Rf2+ 45.Kc3 1-0

[Event "2020 FIDE Online Olympiad"]
[Site "Chess.com"]
[Date "2020.08.24"]
[Round "9.5"]
[White "Praggnanandhaa, R."]
[Black "Liu, Yan"]
[Result "1-0"]
[WhiteElo "1781"]
[BlackElo "2427"]
[EventDate "2020.08.07"]
[Annotator "Bojkov,Dejan"]
[PlyCount "131"]
[Beauty "6048521912327"]
[EventType "team-tourn"]
[EventRounds "9"]

1.e4 e5 2.Nf3 Nf6 3.d4 Nxe4 4.dxe5 d5 5.Nbd2 {A line that had a burst of popularity some 10 years ago, mainly thanks to the efforts of the prominent Azerbaijani GM Vugar Gashimov.} 5...Nxd2 ( {The line is still very fresh and lots of ideas are in the making. In 2018 Caruana uncorked the novelty} 5...Qd7 $5 {against Vitiugov, which still serves Black well:} 6.Nb3 Be7 7.Bd3 c5 8.c4 dxc4 9.Bxe4 Qxd1+ 10.Kxd1 cxb3 11.axb3 Nc6 12.Bxc6+ bxc6 13.Be3 Be6 14.Ke2 {1/2-1/2 (14) Ganguly,S (2621)-Wei,Y (2728) Makati 2018} ) 6.Bxd2 Be7 7.Bd3 Bg4 ( {Another way to play is} 7...c5 8.c3 Nc6 9.O-O Bg4 10.Re1 Qd7 11.h3 Bh5 12.Bf4 Qe6 13.Be2 O-O 14.Qd2 Bg6 {So,W (2760)-Yu,Y (2738) Jerusalem 2019} ) 8.h3 Bh5 9.O-O Nd7 $146 ( 9...O-O 10.Re1 Nd7 11.c3 Nc5 12.Bc2 Ne6 13.Bf5 c6 14.g4 Bg6 15.Qc2 Bg5 16.Rad1 Bxd2 17.Qxd2 Qe7 18.Kh2 {Kotsur,P (2589)-Zulfugarli,M (2510) Istanbul 2000} ) 10.g4 Bg6 11.Bf5 {White's key idea. Praggnanandhaa fixes his advantage on the kingside and is patiently waiting for his opponent to castle there.} 11...c6 12.Bf4 Bxf5 {Liu decided to castle long as soon as possible.} ( {He could have also maneuvered his pieces with:} 12...Nc5 {when after} 13.Nd4 Bg5 14.Bxg5 Qxg5 15.f4 Qd8 16.Qe2 {White does not fear} 16...Qb6 17.c3 Bxf5 18.Nxf5 {as the discovered attacks are not promising Black anything.} ) 13.gxf5 Qb6 14.Qe2 O-O-O ( {Pawns like the one on b2 are called "poisoned" for a reason:} 14...Qxb2 $2 15.Rab1 Qc3 16.e6 fxe6 17.Rxb7 {leads to a decisive attack against the black king.} ) 15.c4 dxc4 16.Qxc4 {Too slow. The arising endgame is slightly better for White.} ( {But he could have done much better playing for the attack with} 16.e6 fxe6 17.Rad1 Rhf8 18.Qxe6 {with the idea to bring the knight closer with} 18...Bf6 19.Nd2 {and then all the way up to d6.} ) 16...Qb4 $1 {Black does not miss his chance.} ( {Not} 16...Rhf8 17.a3 $1 ) 17.Qxb4 Bxb4 18.Bg3 {intending to meet f7-f6 with Bg3-h4, but that also seems a bit sloppy.} ( {Centralizing the knight with tempo makes more sense:} 18.Ng5 Rdf8 19.Ne4 ) 18...Be7 19.Rfe1 Nc5 {Now Black unwinds and the white pawns, mighty in the middlegame, become weaknesses in the endgame.} 20.Re2 Rd5 $1 21.Rc1 f6 ( {After} 21...Rhd8 {White would avoid the swap of the rooks with} 22.Rc4 f6 23.Bh4 ) 22.Bh4 Bd8 {Liu is outplaying his opponent, the pawn center is about to collapse and the remnants will disappear.} ( 22...Rf8 $5 ) 23.Rc4 $1 {Praggnanandhaa understands that the only way to compensate for the static weaknesses is connected with dynamic play.} 23...fxe5 ( {Also good for Black is} 23...Rf8 24.e6 ( {Or} 24.Bg3 fxe5 25.Nxe5 Rxf5 ) 24...Bc7 25.b4 Nd3 {with clear edge for the second player.} ) 24.Rg4 ( {Objectively better might be} 24.Rxe5 Rxe5 ( {But there is an even better continuation:} 24...Rd1+ 25.Kg2 Nd7 {with advantage for Black.} ) 25.Nxe5 Bxh4 26.Rxh4 Rf8 27.Nc4 h6 {and it is only Black who can play for the win.} ) 24...Bf6 {Liu has achieved excellent position but in the next few moves misses a strong idea to increase his advantage.} ( {Strong is} 24...e4 $1 25.Ng5 h5 $1 {This is a resource which Black apparently missed in his calculations. The point is to permanently pin the white bishop. After} 26.Rg3 Rf8 {Black's advantage is huge.} ) 25.Ng5 h6 ( {It is not too late for} 25...h5 $1 26.Rc4 b5 $1 {kicking the white rook away from the fourth rank, with an edge after} 27.Rcc2 Kb7 ) 26.Nf7 Rf8 ( {With little time on the clock Black probably did not even consider} 26...Rh7 $3 {but that would have promised him even more than the game continuation:} 27.Bxf6 gxf6 28.Rg8+ Kc7 {Now, in order to save his knight, White needs to choose the awkward square} 29.Nh8 {but then} 29...e4 30.b4 Nd3 31.Rxe4 Rxf5 {is close to winning for Black.} ) 27.Bxf6 gxf6 28.Nxh6 {Praggnanandhaa is almost dry out of the water.} 28...Rd7 ( {Missing the strong intermediate check} 28...Rd1+ $1 29.Kh2 Nd3 30.Rg7 Nf4 {when Black is again in control.} ) 29.Rg6 Nd3 ( {Again} 29...Rd1+ 30.Kh2 Nd3 {is called for.} ) 30.Rd2 $1 {Now White manages to trade the important enemy rook, and that means that tables have turned into his favor thanks to the outside passer.} 30...Nf4 ( {The better continuation} 30...Rd4 $1 31.Ng4 Nf4 32.Rxf6 Rfd8 {is hard to find.} ) 31.Rxd7 Kxd7 32.Rg7+ Kc8 33.Kh2 {Every tempo counts!} ( {The immediate} 33.h4 $1 {is stronger when the game continuation} 33...Rh8 $2 {would not work due to} 34.Rg8+ Rxg8+ 35.Nxg8 Nd5 36.h5 {and the pawn is promoted.} ) 33...Nh5 ( {Now Black has} 33...Rh8 $1 34.Rg8+ Rxg8 35.Nxg8 Nd5 36.h4 Kd7 {and the king is in time.} ) 34.Rh7 Nf4 35.h4 {Here and on the next move, it makes sense to activate the knight.} ( 35.Nf7 $1 ) 35...Rd8 36.Rf7 ( {Here too} 36.Ng4 $1 Rd3 37.Ne3 {would secure White's edge.} ) 36...Nh5 ( {Missing a study-like draw:} 36...Rh8 $1 37.Rxf6 Kd7 38.Kg1 Ke7 {when White needs to repeat moves as his pieces are stuck:} 39.Rf7+ Ke8 40.Rf6 Ke7 $10 ) 37.Ng4 ( {Computer does not fear to stand in front of a check with} 37.Kh3 $5 Nf4+ 38.Kg4 Rd4 39.h5 ) 37...Rd4 38.Nxf6 Rxh4+ {Ufff! This monster is gone!} 39.Kg2 Nxf6 40.Rxf6 Rf4 {It is equal now, but precision is still required by Black.} 41.Rf7 a5 $1 {The correct idea. Black needs his queenside pawns advanced to the max.} 42.Kg3 Kb8 43.f6 a4 44.Rf8+ Ka7 ( {More accurate is to use the other side} 44...Kc7 45.Rf7+ Kb6 46.Re7 Rxf6 47.Rxe5 {and Black is up a tempo in comparison to the game.} ) 45.Re8 Rxf6 46.Rxe5 Kb6 ( {Here the frontal defense} 46...Rg6+ $1 47.Kh4 Rf6 {would be simpler.} ) 47.f4 {It is getting more and more dangerous for Liu...} 47...Rd6 48.Re2 Rd1 ( {A draw would be achieved with} 48...a3 $1 {Black either gets a reserved passer on the a3-square or opens the road for his c-pawn. White can try two things:} 49.b3 {looks more complex, when after} ( {The capture} 49.bxa3 {can be met with either} 49...Rd3+ ( {or} 49...c5 50.f5 c4 51.Kf4 c3 52.Rc2 Rc6 53.Kg5 Kb5 {with a draw in both cases.} ) ) 49...Rd1 50.f5 {Black needs to postpone the Rd1-b1-b2 maneuver for a moment and should first send the enemy king away from his rook with} 50...Rf1 ( {Not yet} 50...Rb1 51.f6 Rb2 52.Kf2 $1 {and White wins.} ) 51.Kg4 Rg1+ 52.Kf4 Rf1+ 53.Ke5 {Only now the idea behind the a-pawn advance is revealed:} 53...Rb1 54.f6 Rb2 55.Re1 Rxa2 56.Rf1 Re2+ 57.Kf5 Re8 58.f7 Rf8 59.Kf6 Kb5 {when soon everything will disappear from the board.} ) 49.f5 Rg1+ ( {It is not too late for} 49...Rf1 50.Kg4 a3 ) 50.Kf4 Rf1+ 51.Kg5 Kc5 {The king cannot attack the white pawns; therefore, this plan is doomed to fail.} ( {Now} 51...a3 52.bxa3 c5 53.Rc2 {is no longer as certain of a draw, but it is Black's last chance.} ) 52.f6 Kd4 53.Kg6 Kd3 54.Rg2 b5 55.f7 b4 56.Rg5 {Building a bridge. Lui is forced to sacrifice his rook a bit too early, and Praggnanandhaa is in time after} 56...Rxf7 57.Kxf7 Kc2 58.Rg2+ Kb1 59.a3 bxa3 60.bxa3 c5 61.Ke6 c4 62.Kd5 c3 63.Kc4 c2 64.Rg1+ c1=Q+ 65.Rxc1+ Kxc1 66.Kb4 {1-0 Black resigns.} 1-0

[Event "E Online Olympiad"]
[Site "FIDE"]
[Date "2020.08.30"]
[Round "?"]
[White "Koneru, Humpy"]
[Black "Lagno, Kateryna"]
[Result "1/2-1/2"]
[WhiteElo "2586"]
[BlackElo "2546"]
[EventDate "2020.??.??"]
[Annotator "Bojkov,Dejan"]
[PlyCount "96"]
[Beauty "5706535204391"]
[EventType "game"]
[EventCountry "FID"]

1.d4 Nf6 2.c4 g6 3.Nc3 d5 4.cxd5 Nxd5 5.e4 Nxc3 6.bxc3 Bg7 7.Bc4 c5 8.Ne2 Nc6 9.Be3 O-O 10.O-O {The Grunfeld was to be expected as the players had an over-the-board discussion at the end of the last year in Monaco.} 10...b6 {The Grunfeld's most common pawn sacrifice.} 11.dxc5 {Now forcing play follows.} ( {Both players definitely knew this game:} 11.Qd2 Bb7 12.Rfd1 Rc8 13.Rac1 e6 14.Bg5 Qd7 15.h4 Na5 16.Bd3 cxd4 17.cxd4 Rxc1 18.Rxc1 Rc8 19.Rxc8+ Qxc8 20.h5 Nc4 {Carlsen once won a similar position against Ivanchuk, but the latter was a few tempos behind and did not defend optimally. Instead, Ding demonstrated the correct way and held his own later:} 21.Qc1 b5 22.h6 Bf8 23.Qf4 a6 {Gelfand,B (2676)-Ding,L (2791) chess24.com INT 2020} ) 11...Qc7 12.Nd4 Ne5 13.Nb5 Qb8 14.Bd5 ( {Their previous encounter saw} 14.Be2 bxc5 15.f4 Ng4 16.Bxc5 a6 17.Na3 Qc7 18.Bd4 e5 19.fxe5 Nxe5 20.Qc1 Bg4 21.Bxg4 Nxg4 22.Qf4 Qxf4 23.Rxf4 Ne5 {Black eventually proved enough compensation for the pawn and held comfortably in Koneru,H (2577)-Lagno,K (2549) Monaco 2019} ) 14...Ng4 15.g3 a6 {And Lagno sacrifices the exchange. Also a common Grunfeld, or rather any fianchettoed opening's idea.} 16.Bxa8 Nxe3 17.fxe3 axb5 18.Bd5 Qc7 19.cxb6 Qxb6 20.Qe2 e6 21.Bb3 Bb7 $146 {A logical move and a novelty. For the exchange and the pawn, Lagno has a bunch of positional pluses: a safer king, two bishops, and a better pawn structure.} ( 21...b4 22.a4 Bxc3 23.Rad1 Bg7 24.Qd3 Be5 25.Bc4 Qa7 26.Bb5 Bb7 {later ended in a draw, Tauber,H (2539) -Sasikiran,K (2558) GER email 2017} ) 22.Bc2 b4 {Moving the pawn out of the danger zone.} ( {Otherwise, White can pressure it with} 22...Bxc3 23.Rab1 Bc6 24.Ba4 ) 23.Rab1 Bxc3 24.a3 {Koneru squeezes the maximum from the pin.} 24...Rd8 {An active move that, however, is based on a tactical oversight.} ( {Stronger is the counterintuitive} 24...Qa6 $1 {It does not seem logical to trade when down in material, but after} 25.Qxa6 ( 25.Bd3 Qxa3 ) 25...Bxa6 {the rook does not have good squares, for example} 26.Rf2 ( {Therefore, White needs to settle for} 26.axb4 Bxf1 27.Kxf1 Rb8 28.b5 Ba5 {and after Ba5-b6, Black should hold this, but White can and certainly will have some fun pushing for free.} ) 26...bxa3 27.Bb3 Bd3 {and Black takes the initiative.} ) 25.axb4 $1 {Koneru is not impressed by the threat as she sees an even stronger one.} 25...Rd2 26.Qf3 {The point.} 26...f5 ( {Surely not} 26...Rxc2 27.Qxf7+ Kh8 28.Qf8# ) 27.Rf2 {It seems as White defended everything, but...} 27...Rxc2 $1 {Lagno has one more trick up her sleeve.} ( {Instead:} 27...Rxf2 28.Kxf2 Bxb4 29.Qd1 {is lost for Black due to the combination of a pin and a weak king.} ) 28.Rxc2 Bxe4 29.Qxe4 $1 {The most practical way, which Koneru chose after almost four precious minutes on her clock. The most important concern is that White does not risk losing with the rooks versus the queen.} ( {There is an alternative, though:} 29.Qe2 Bxc2 {and now not the straightforward} 30.Qxc2 ( {but rather} 30.Rc1 $1 Bxb4 31.Rxc2 {with winning chances due to the situation of the black pawn on the f5-square. Take this pawn back to the f7-square, and it would be just fine for the second player...} ) 30...Qxe3+ 31.Kg2 Qd4 {which Black should hold thanks to her active pieces:} 32.b5 Qd5+ ) 29...fxe4 30.Rxc3 Qb5 $1 {The passer needs to be blocked at once.} ( {The other plan is to break open the white kingside:} 30...h5 {but then after} 31.b5 g5 {the king can escape through the center:} 32.Kf2 h4 33.Ke2 ) 31.Rb2 $1 {Protecting both vital ranks.} ( 31.Rc5 Qd3 {does not lead White anywhere.} ) 31...h5 $1 {Lagno knows what she is doing. She needs the white kingside open for future perpetual checks.} ( {For some reason the machine prefers} 31...g5 32.Rc5 Qd3 33.Rxg5+ Kf7 34.Rf2+ Ke7 35.Rg7+ Kd6 36.Rxh7 {which I honestly do not quite understand.} ) 32.Kg2 h4 33.gxh4 $1 {Getting breathing room for his majesty.} ( {The line} 33.Rc5 Qd3 34.b5 Qxe3 35.b6 h3+ $1 36.Kxh3 Qxc5 37.b7 Qh5+ 38.Kg2 Qf3+ 39.Kg1 Qd1+ {with perpetual check demonstrates best Black's h-advance idea.} ) 33...Qf5 {This is inaccurate!} ( {A draw would have been achieved with the neat} 33...Qh5 $1 34.h3 Qxh4 35.b5 Qg5+ {Then the white king has no other retreat square than} 36.Kh1 ( {Rooks galore after} 36.Kh2 $4 Qe5+ ) 36...Qg3 ) 34.h3 ( {Not the fancy} 34.Kg3 Qf3# ) 34...Qf6 {And an inaccuracy is followed by a mistake.} ( {It is not too late to block the pawn again:} 34...Qb5 $1 {with good chances to hold.} ) 35.Rc8+ {Another excellent practical decision. Where is the king going?} ( {Although from an objective point of view} 35.Rcb3 $1 {might have been a better choice with the idea} 35...Qxh4 36.b5 Qg5+ 37.Kf2 Qh4+ 38.Ke2 Qxh3 39.Rc2 $1 {to make the b2-square available for the white king when White seems to be winning.} ) 35...Kh7 {And a poor choice. Now the king is on the brink of checkmate!} ( {Strong is} 35...Kg7 $1 36.Rf2 Qxh4 ) 36.Rf2 Qe5 ( {Now the pawn is immune due to} 36...Qxh4 37.Rf7+ Kh6 38.Rh8+ ) 37.b5 {White is winning, thanks to the combined mating threats and the advance of the passer. Lagno launches a desperate counterattack.} 37...g5 ( {As} 37...Qxb5 38.Rf7+ Kh6 39.Rh8# ) 38.h5 {A winning move.} ( {There is a strong alternative:} 38.b6 gxh4 39.Rcf8 Qg3+ 40.Kf1 Qxh3+ 41.Ke2 Qg4+ 42.Kd2 Qh5 43.R2f7+ Kg6 44.b7 {and wins.} ) 38...g4 39.hxg4 Qg7 {At least the white king got a bit exposed.} 40.Kh3 Qa7 41.Rc3 ( {In time trouble (and not only then) one can easily miss a cool defense} 41.Kh4 $1 {Since} 41...Qxe3 42.Rf7+ Kh6 43.Rh8# ) 41...Qa1 42.Rc7+ Kh6 43.Kg2 {It is time for Koneru to return the favor.} ( {We can only guess what would have been the outcome of the whole tournament in case of} 43.Rcf7 $1 Qh1+ 44.Rh2 Qb1 45.Rf6+ $1 {In order to free the g5-square for the white king.} 45...Kg7 {Now White cements everything with} ( 45...Kg5 46.Rg6# ) 46.Rhf2 Qh1+ ( {Once again the pawn is invincible:} 46...Qxb5 47.Rf7+ Kg8 48.Rf8+ Kg7 49.R2f7+ Kh6 50.Rh8+ Kg5 51.Rg8+ Kh6 52.Rg6# ) 47.Kg3 Qg1+ 48.Kh4 {and White wins.} ) 43...Qd1 44.Rcf7 {Allowing an instant draw.} ( {The last chance is the mad} 44.g5+ Kxh5 45.Rh7+ {hoping for} 45...Kxg5 $2 ( {However, Black should hold with} 45...Kg6 $1 46.Rh6+ Kg7 $1 {keeping the-g5 pawn as shield for her king.} ) 46.Rg7+ Kh6 47.Rg3 {and wins.} ) 44...Qxg4+ 45.Kf1 Qd1+ 46.Kg2 Qg4+ 47.Kf1 Qd1+ 48.Kg2 Qg4+ 1/2-1/2